Pružnosť a pevnosť 2 ... [pre] posl. Stavebnej fak. SVŠT Časť 2

Bibliographic Details
Main Authors: Lovíšek, Ján, 1935-2021 (Author), Kodnár, Rudolf, 1936- (Author)
Format: Book
Language:Slovak
PhysicalDescription:220, [5] s. ilustr., grafy, tab. 4°
Published: Bratislava Slovenská vysoká škola technická 1972
Edition:1. vyd.
Subjects:

MARC

LEADER 00000cam a2200000 a 4500
001 vtls008339604
003 SK-MaSNL
005 20260301164730.0
008 230403s1972 xo da e n 000 0 slo
015 |a SNBA1973/03-00426 
035 |a SK01SNK19730031821 
035 |a urn:nbn:sk:snk-am3hb69 
035 |a 5655BF43-3D63-417F-B294-48A08748BEAB 
035 |a urn:nbn:sk:snk-am008x92 
035 |a SKM000034284 
040 |a SNK  |b slo  |c SNK  |e AACR2 
041 0 |a slo 
044 |a xo  |c SK 
080 |a 539.3(075.8)  |2 1981 
080 |a 539.4(075.8)  |2 1981 
100 1 |a Lovíšek, Ján,  |d 1935-2021  |4 aut  |9 6900 
245 1 0 |a Pružnosť a pevnosť 2  |n Časť 2  |b ... [pre] posl. Stavebnej fak. SVŠT  |c autori: J. Lovíšek, R. Kodnár 
250 |a 1. vyd. 
260 |a Bratislava  |b Slovenská vysoká škola technická  |c 1972 
300 |a 220, [5] s.  |b ilustr., grafy, tab.  |c 4° 
366 |e 200 výt. 
504 |a Bibliogr. odkazy ; pozn. ; vysvetl. 
650 0 7 |a pružnosť  |2 SNKPH  |9 1635 
650 0 7 |a pevnosť  |2 SNKPH  |9 1636 
650 0 7 |a pružnosť a pevnosť  |2 SNKPH  |9 82754 
655 7 |a učebnice vysokých škôl  |2 SNKPH  |9 70191 
700 1 |a Kodnár, Rudolf,  |d 1936-  |4 aut  |9 39928 
852 |a Slovenská národná knižnica 
954 |a odborná, vedecká literatúra pôvodná (slovenská)  |2 lita 
958 |a OND 
958 |a NB 
958 |a EUIPO 
999 |c 821639  |d 823569 
952 |a SNK  |b SNK  |y PREZ  |7 0  |p 17A0889746  |o snkSB 18488/2/2  |i snkKSP 2495/73  |0 0  |1 0  |4 0  |d 2015-01-16  |f 1  |l 0  |r 2025-03-20 00:00:00  |w 2026-02-24 
952 |a SNK  |b SNK  |y VYP  |7 0  |o snkSB 18488/2/2 D1  |i snkKSP 2496/73  |0 0  |1 0  |4 0  |d 2015-01-16  |l 0  |r 2026-02-24 03:09:03  |w 2026-02-24